| 000 | 00749nam a2200229Ia 4500 | ||
|---|---|---|---|
| 003 | GCL | ||
| 008 | 140319s9999 xx 000 0 ara d | ||
| 040 |
_aGCL / _cGCL |
||
| 082 | 0 | 4 |
_aق _b390 _bل ع |
| 100 | 1 | _aلين، ادوارد وليم | |
| 245 | 1 | 0 |
_aعادات المصريين المحدثين وتقاليدهم:مصر ما بين 1833_1835 / _cلين، ادوارد وليم |
| 700 | 1 | _aسهير دسوم (مترجم) | |
| 260 |
_a[S.N] : _bمكتبة مدبولى ، _c1991 |
||
| 300 | _a592 | ||
| 490 | _a | ||
| 650 | 0 | 4 | _aمصر |
| 650 | 0 | 4 | _aالعادات والتقاليد |
| 650 | 0 | 4 | _aالشعائر الدينية |
| 650 | 0 | 4 | _aاداب السلوك |
| 650 | 0 | 4 | _aالاداب الاجتماعية |
| 942 |
_2ddc _cBK |
||
| 999 |
_c31003 _d31003 |
||